Guess the 1970s song lyrics #205 - Statistics

General Stats
  • This quiz has been taken 15 times
  • The average score is 220 of 351
Answer Stats
Answer % Correct
a
100%
I
100%
What
100%
Absolutely
92%
absolutely
92%
for
92%
go
92%
good
92%
Good
92%
is
92%
it
92%
no
92%
nothing
92%
Nothing
92%
the
83%
The
83%
War
83%
war
83%
of
75%
to
75%
Who
75%
yeah
75%
and
67%
give
67%
huh
67%
me
67%
Oh
67%
oh
67%
Say
67%
say
67%
we
67%
When
67%
again
58%
all
58%
be
58%
can
58%
can't
58%
God
58%
got
58%
love
58%
our
58%
out
58%
then
58%
there
58%
you
58%
but
50%
But
50%
it's
50%
keep
50%
knows
50%
mean
50%
only
50%
said
50%
ain't
42%
days
42%
eyes
42%
gotta
42%
has
42%
Life
42%
life
42%
lives
42%
Made
42%
my
42%
one
42%
take
42%
their
42%
there's
42%
way
42%
y'all
42%
die
33%
heart
33%
many
33%
means
33%
place
33%
shout
33%
Stand
33%
Tell
33%
tell
33%
that's
33%
them
33%
these
33%
They
33%
too
33%
wants
33%
aw
25%
Aw
25%
away
25%
breaker
25%
Cause
25%
destruction
25%
dreams
25%
fight
25%
fighting
25%
freedom
25%
friend
25%
innocent
25%
Listen
25%
much
25%
must
25%
Peace
25%
today
25%
undertaker
25%
up
25%
wars
25%
young
25%
better
17%
bitter
17%
caused
17%
despise
17%
disabled
17%
enemy
17%
generation
17%
Lord
17%
lord
17%
lose
17%
men's
17%
mother's
17%
precious
17%
shattered
17%
short
17%
sons
17%
tears
17%
thought
17%
thousands
17%
understanding
17%
unrest
17%
within
17%
blows
8%
Induction
8%
Lookout
8%
mankind
8%
mind
8%
woo
8%
younger
8%
No matching quizzes found
Score Distribution
Percent of People with Each Score
Percentile by Number Answered
Your Score History
You have not taken this quiz